The flying Dutchman = Der fliegende Holländer : a romantic opera in three acts /

Bibliographic Details
Main Author: Wagner, Richard, 1813-1883
Other Authors: Macy, James Cartwright, 1845-1918 (Editor, Translator), Troutbeck, J. (John), 1832-1899 (Editor, Translator)
Format: Book
Language:English
German
Published: Boston : O. Ditson, [between 1900 and 1999?]
Series:Grand opera librettos.
Subjects:

MARC

Tag First Indicator Second Indicator Subfields
LEADER 00000cam a2200000Ii 4500
001 in00002484313
005 20151111041642.0
008 780220q19001978maug 000 0 eng d
035 |a (OCoLC)ocm03654498 
035 |a (OCoLC)3654498 
040 |a IRU  |c IRU  |d OCL  |d DPL  |d OCLCQ  |d LVB  |d OCLCG  |d TXA  |d UtOrBLW 
041 0 |a eng  |a ger 
049 |a TXAM 
050 4 |a ML50.W14  |b F52 1900z 
092 |a 782.10268  |b W125fLd 
100 1 |a Wagner, Richard,  |d 1813-1883. 
245 1 4 |a The flying Dutchman =  |b Der fliegende Holländer : a romantic opera in three acts /  |c by Richard Wagner ; English and German versions, edited and adapted by J.C. Macy and J. Troutbeck. 
246 3 1 |a Der fliegende Holländer  
264 1 |a Boston :  |b O. Ditson,  |c [between 1900 and 1999?] 
300 |a 32 pages :  |b music ;  |c 25 cm. 
336 |a text  |b txt  |2 rdacontent 
337 |a unmediated  |b n  |2 rdamedia 
338 |a volume  |b nc  |2 rdacarrier 
490 1 |a Grand opera librettos 
500 |a Librettos by the composer. 
650 0 |a Operas  |v Librettos. 
650 6 |a Opéras  |v Livrets. 
700 1 2 |a Wagner, Richard,  |d 1813-1883.  |t Fliegende Holländer.  |s Libretto.  |l English. 
700 1 2 |a Wagner, Richard,  |d 1813-1883.  |t Fliegende Holländer.  |s Libretto.  |l German. 
700 1 |a Macy, James Cartwright,  |d 1845-1918,  |e editor,  |e translator. 
700 1 |a Troutbeck, J.  |q (John),  |d 1832-1899,  |e editor,  |e translator. 
740 0 |a Fliegende Holländer. 
830 0 |a Grand opera librettos. 
948 |a cataloged  |b h  |c 2009/7/7  |d c  |e jgreene  |f 4:05:53 pm 
994 |a C0  |b TXA 
999 |a MARS 
999 f f |s b8d2f879-cc48-31f3-8f5e-f0c6188fffe2  |i 126e1bcf-7b71-3203-aba0-a4c3c782e1c0  |t 0 
952 f f |p ric  |a Texas A&M University  |b Rellis Campus  |c Joint Library Facility  |d Remote Storage  |t 0  |e ML50.W14 F52 1900z  |h Library of Congress classification  |i unmediated -- volume  |m A14834347148 
998 f f |a ML50.W14 F52 1900z  |t 0  |l Remote Storage